[Event "Mumbai Mayors Cup 2nd"]
[Site "Mumbai"]
[Date "2009.05.01"]
[Round "1"]
[White "Siddharth, S."]
[Black "Fominyh, Alexander"]
[Result "0-1"]
[WhiteElo "1783"]
[BlackElo "2485"]
[PlyCount "56"]
[EventDate "2009.05.01"]
[EventType "swiss"]
[EventRounds "11"]
[EventCountry "IND"]
[SourceTitle "CBM 130 Extra"]
[Source "ChessBase"]
[SourceDate "2009.07.02"]
[SourceVersion "2"]
[SourceVersionDate "2009.07.15"]
[SourceQuality "1"]

1. d4 Nf6 2. c4 c5 3. Nf3 cxd4 4. Nxd4 e6 5. Nc3 Nc6 6. Ndb5 Bc5 7. Nd6+ Ke7 8. Nce4 Nxe4 9. Nxe4 Bb4+ 10. Bd2 d5 11. Bxb4+ Nxb4 12. Qa4 a5 13. a3 Bd7 14. Qb3 dxe4 15. axb4 Qb6 16. b5 Qc5 17. Qc3 Qb4 18. Ra3 Rac8 19. e3 Bxb5 20. Qxb4+ axb4 21. Rb3 Bxc4 22. Rxb4 Bd5 23. Kd2 Rhd8 24. g3 Bb3+ 25. Rd4 Rc2+ 26. Ke1 Rxd4 27. exd4 Rxb2 28. Bg2 Kd8 0-1